000 00672nam a2200181 a 4500
001 000037778
005 20201002031119.0
008 130306s1982 dr 000 0 spa d
040 _aDO-SdBNP
_bspa
_cBNPHU
100 1 _aSantaella, Joaquín Gerardo
_932258
245 1 0 _aCasos prácticos de ahorro de energía en las industrias de la República Dominicana /
_cJoaquín Gerardo Santaella, Gil Manuel Canario.
260 _aSanto Domingo :
_bCentro de Información Científica y Tecnológica,
_c1982.
300 _a37 p. ;
_c22 cm.
490 1 _aMonografía
_vno. 6
504 _aBibliografía : p. 37-
590 _aInventariado, 2019/VM
830 0 _aMonografía
_n6
_964233
999 _c37268
_d37268